000 00742nam a2200265Ia 4500
005 20260121170541.0
008 008 260114s9999 xx 000 0 eng d
020 _a9789811047022
037 _aEBOOK
040 _aCRL
040 _beng
040 _cCRL
041 _2eng
041 _aeng
084 _qCRL
100 _aSuresh Kumar Gahlawat, Joginder Singh Duhan, Raj Kumar Salar, Priyanka Siwach, Suresh Kumar, Pawan Kaur
_91065264
245 0 _aAdvances in Animal Biotechnology and its Applications
260 _bSpringer
260 _bSpringer
260 _c2018
856 _uhttps://link.springer.com/openurl?genre=book&isbn=978-981-10-4702-2
942 _cEBOOK
999 _c1630994
_d1630994